000 00198 a2200097 4500
001 3477
100 _aHosller, C.W
245 _aTurkism & the soviets
260 _a
_bAllen
_c
090 _c2743
_d2743
942 _aNUST-CAE
_cM
_c19369
999 _c238550
_d238550